00438 a2200121 4500082001000000100001500010245004300025260008000068300003300148500005500181700002300236856005700259 aBEE-5 aArslan Ali aSolar powerd display boardcArslan Ali aIslamabadbNUST School of Electrical Engineering and Computer Sciencec2012 a49p.b:ill.c:27cm.+eCD-ROM aSupervisors: Mr. Abid mushtaq, Dr. Habil ur Rehman aMukhzan Mobeen Ali uhttp://10.250.8.41:8080/xmlui/handle/123456789/29337